000 00705nam a2200229 a 4500
001 000032246
003 DO-SdBNP
005 20220726125842.0
007 ta
008 110713s1943 dr a 000 0 spa d
040 _aDO-SdBNP
_bspa
_cBNPHU
082 _axxxx
_bM676c
100 _aMiró, Baltasar
_958307
_d1914-1947
245 1 0 _aCirculos de arena y de humo . :
_brelatos /
_cBaltasar Miró
260 _aCiudad Trujillo, República Dominicana :
_bEdiciones Agora,
_c1943.
300 _a58 p. :
_bil. ;
_c23 cm.
500 _aGravados de Alloza
590 _aInventariado, 2022/ YL
590 _aPerteneció a la biblioteca personal de Martínez Boog.
910 _aYLockward
942 _2ddc
_cLBS1
999 _c31737
_d31737